Paroles Encore un soir Céline Dion - Statistiques

Statistiques générales
  • Ce quiz a été pris 677 fois
  • Le résultat moyen est 261 sur 334
Statistiques - réponses
Réponse % Correct
un
100%
Un
100%
en
99%
Une
99%
une
99%
Encore
98%
encore
98%
encore,
98%
(Encore
98%
encore)
98%
soir,
98%
de
97%
La
97%
la
97%
heure
96%
heure,
96%
bonheur
93%
à
92%
À
92%
a
92%
larme
92%
rien
91%
ce
89%
le
88%
pas
88%
peu
88%
pour
88%
Pour
88%
tout
88%
nous,
87%
se
87%
ces
86%
ma
86%
m'a
86%
me
86%
c'est
85%
C'est
85%
Et
84%
et
84%
du
83%
fleur
83%
Comme
82%
comme
82%
erreur
80%
ça
79%
Ça
79%
faveur,
79%
ou
79%
bien
77%
croire
77%
dire
77%
je
77%
dans
76%
j'ai
76%
J'ai
76%
qui
76%
souffle,
76%
temps
76%
temps,
76%
vie
76%
Juste
74%
juste
74%
vous
74%
on
73%
si
73%
photo,
72%
est
71%
n'y
71%
peine
71%
au
70%
hier,
70%
hier
70%
mémoire ?
70%
Oh
70%
oh
70%
plaindre,
70%
va
70%
craindre
69%
mal
69%
tellement
69%
C'était
68%
passe
68%
plus
68%
mon
67%
n'avez
67%
tant
67%
Tant
67%
gâtée,
66%
même
66%
mer
66%
perd
66%
pourtant
66%
Y
66%
il
65%
mien
65%
miroir
65%
visages
65%
boire
64%
date,
64%
d'enfants,
64%
Mais
64%
place
64%
taire
64%
tard
64%
trop
64%
eu
63%
oublie
63%
quand
63%
voir
61%
faire,
60%
Dieu
59%
espaces
59%
l'éteindre
59%
entre
58%
fort,
58%
mentirait
58%
nord
58%
vastes
58%
milieu
57%
plutôt
57%
pouvais
57%
vit
57%
part,
56%
regards
56%
restera
56%
beau,
55%
jamais
55%
laisser
55%
qu'une
55%
chose,
54%
demandé,
54%
grand
54%
les
54%
retard
54%
sais,
54%
doit
53%
léger
53%
l'éternité,
53%
s'y
52%
d'égards
51%
Que
51%
s'il
51%
baiser
50%
face
50%
sur
50%
Allez,
47%
des
47%
donne
47%
pause
47%
paradis,
46%
Terre
45%
l'on
43%
tuent
43%
m'oublie
41%
perdent
41%
report,
41%
grâce
37%
instants
37%
reposent
36%
passent
35%
caresser,
32%
horloges
31%
mentent,
24%
inventent
14%
rêvant
9%
Aucun quiz correspondant
Distribution des résultats
% des personnes avec chaque résultat
Percentile par nombre de réponses
Votre historique - résultats
Vous n’avez pas pris ce quiz